| 000 | nam a22 7a 4500 | ||
|---|---|---|---|
| 999 |
_c152995 _d152993 |
||
| 005 | 20191114112036.0 | ||
| 008 | 191114b sp ||||| |||| 00| 0 spa d | ||
| 020 | _a9788491482673 | ||
| 050 | 0 | 4 |
_aQH332 _bP56 2017 |
| 100 | 1 | _aPinto Palacios,Fernando | |
| 245 | 1 | 0 |
_aNacidos para salvar : _bUn estudio ético-jurídico del <<bebé medicamento>> / _cFernando Pinto Palacios |
| 250 | _a1a edición | ||
| 260 |
_aMadrid : _bDykinson, _c2017 |
||
| 300 |
_a366 p. ; _c21 cm. |
||
| 490 | 0 | _aDerechos humanos y filosofía del derecho | |
| 504 | _aBibliografía: p 327-366 | ||
| 650 | 4 | _aBioética | |
| 650 | 4 |
_aTecnología reproductiva humana _xAspectos morales y éticos |
|
| 942 |
_2lcc _cLIB |
||